000
00282nam a2200121Ia 4500
008
150731s2010 xx 000 0 und d
082
_a
611
_b
H 10 P
100
_a
PRIVES, M.
245
_a
HUMAN ANATOMY
260
_b
PARAGON- MOSCON DELHI
_c
2010
300
_a
610
942
_2
ddc
_c
BK
_0
1
999
_c
7950
_d
7950